000 00266nam a22001097a 4500
008 160426b xxu||||| |||| 00| 0 eng d
020 _a0801640989
041 _aeng
080 _a618.2
245 _aPatient teaching in nursing;
_cBarbara klug redman;
942 _2udc
_cBK
999 _c1603
_d1603